000 00607cam a22002053a 4500
001 44745
003 PGUSA
005 20140828084024.0
008 140124s2014||||xxu|||||s|||||000 | eng d
040 _aPGUSA
_beng
042 _adc
100 1 _aTaylor, Benjamin F.
_q(Benjamin Franklin)
245 1 4 _aThe World on Wheels and Other Sketches
_h[electronic resource] /
_cBenjamin F. Taylor
260 _bProject Gutenberg,
_c2014
506 _aPublic domain in the USA.
516 _aElectronic text
830 0 _aProject Gutenberg
_v44745
856 4 0 _uhttp://www.gutenberg.org/ebooks/44745
942 _cEB
999 _c273996
_d273996